Klíčové citace v sociologii hlavní myslitelé, pojmy a témata

Saved in:
Bibliographic Details
Main Author: Thompson, Kenneth
Other Authors: Ogrocký, Jiří
Format: Book
Language:Czech
Published: Brno Barrister & Principal 2001
Series:Studium
Subjects:
Tags: Add Tag
No Tags, Be the first to tag this record!

MARC

LEADER 00000nam a2200000 4500
001 c134064
005 20221124103342.6
020 |a 80-85947-68-4 
041 0 |a cze 
044 |a CZ 
245 1 0 |a Klíčové citace v sociologii  |b hlavní myslitelé, pojmy a témata  |c Kenneth Thompson ; [preložil: Jiří Ogrocký] 
264 1 |a Brno  |b Barrister & Principal  |c 2001 
300 |a 267 s. 
490 1 |a Studium 
830 0 |a Studium 
610 2 0 |a sociológia 
610 2 0 |a pojmy 
610 2 0 |a osobnosť 
610 2 0 |a systémy sociálne 
610 2 0 |a spoločnosť 
610 2 0 |a náboženstvo 
610 2 0 |a štýl životný 
610 2 0 |a postavenie sociálne 
610 2 0 |a postavenie spoločenské 
610 2 0 |a ideológia 
610 2 0 |a systémy politické 
100 1 |a Thompson, Kenneth 
700 1 |a Ogrocký, Jiří